000 00301pab a2200121 454500
008 180718b xxu||||| |||| 00| 0 eng d
100 _aGore M.S.
245 _aFamily and the rights of the individual
362 _a38(12), 15 Jul 1994, p.13-15,25
650 _aFamily
773 _aYojana
909 _a27302
999 _c27302
_d27302